| 000 | 01403nam a2200349 c 4500 | ||
|---|---|---|---|
| 003 | BLK | ||
| 005 | 20240726091658.0 | ||
| 008 | 180411b bul|||||r ||||||| ||bul|| | ||
| 010 | _aKNG00185587000 | ||
| 020 |
_a978-954-553-203-0 _bиздат.: Парадокс |
||
| 040 | _aBLK | ||
| 041 |
_aBUL _cBUL |
||
| 072 | 7 |
_2bullib _aН83 _xЧужда художествена литература Н |
|
| 080 |
_aБелгийска литература _b821.133.1(493) _x-31 _z821.133.1(493)-31 |
||
| 100 | 1 |
_aВейерганс, Франсоа _eпърви автор _946703 |
|
| 700 |
_aМихайлова, Аксиния Тодорова _9372899 |
||
| 139 |
_aВейерганс, Франсоа _bВ 36 |
||
| 245 | 1 | 0 |
_aСаломе _bРоман _cФрансоа Вейерганс; прев. от фр. Аксиния Тодорова Михайлова. |
| 257 | _aBEL | ||
| 260 |
_аСофия _bПарадокс _c2015 _fХасково : Полиграфюг |
||
| 300 |
_a305 с. _c22 см |
||
| 380 | _aX | ||
| 500 | _aОриг. загл. Salome / Francois Weyergans. - Съдържа и за авт. | ||
| 653 | _aромани | ||
| 659 | _aН | ||
| 852 | _aЦб 278664 | ||
| 856 | 4 |
_qpdf _u |
|
| 856 | 4 |
_qpdf _u |
|
| 942 |
_cKNG _n0 _08 |
||
| 944 |
_aCR _c15.12.2015 _lДиана Гривева _k30529 |
||
| 944 |
_aED _c31.07.2017 _lф / _kВиолета_Тройчева |
||
| 999 |
_c176953 _d176953 |
||